000 00380nam a2200145Ia 4500
008 231221s9999 xx 000 0 und d
041 _aEnglish
082 _a421 BAL;1 R
100 _aBalasubramanian, T
245 0 _aTextbook of english phonetics : for Indian students
260 _c1981
_bMcMillan
_aNew Delhi
300 _avii+207
650 _aphonetics,:
942 _cED
999 _c206832
_d206832